| 000 | 00742nam a2200229 a 4500 | ||
|---|---|---|---|
| 001 | 41765 | ||
| 003 | (BD-RJUL) | ||
| 005 | 20211209053439.0 | ||
| 008 | 160606s1936 enk b 001 0 eng | ||
| 035 | _a(BD-RJUL)41883 | ||
| 040 |
_aDLC _cDLC _dm.c _d(BD-RJUL) _beng |
||
| 041 | _aeng | ||
| 082 |
_223 _a323.32 _bPAM 1936 |
||
| 100 | 1 |
_aPalm, Franklin Charles _9128303 |
|
| 245 | 1 | 4 |
_aThe Middle Classes Then and Now / _cFranklin Charles Palm |
| 260 |
_aNew York : _bMacmillan Company, _c1936 |
||
| 300 |
_axiv, 421 p. ; _c22 cm |
||
| 504 | _aIncludes bibliography and index | ||
| 650 | 0 |
_aMiddle class _zGreat Britain _9128304 |
|
| 830 | 0 |
_aAspects of modern sociology : the social structure of modern Britain _9128305 |
|
| 942 |
_2ddc _cBK |
||
| 999 |
_c41765 _d41765 |
||